| 000 | 00525nam a2200193Ia 4500 | ||
|---|---|---|---|
| 003 | GCL | ||
| 008 | 140319s9999 xx 000 0 eng d | ||
| 040 |
_aGCL / _cGCL |
||
| 082 | 0 | 4 |
_a801.95 _bR N |
| 100 | 1 | _aRYAN, KIERNAN | |
| 245 | 1 | 0 |
_aNEW HISTORICISM AND CULTURAL MATERIALISM: A READER / _cRYAN, KIERNAN |
| 260 |
_a[S.N] : _bARNOLD PUBLISHERS ، _c1996 |
||
| 300 | _a214 P | ||
| 650 | 0 | 4 | _aMARXIST CRITICISM |
| 650 | 0 | 4 | _aCRITICISM |
| 650 | 0 | 4 | _aHISTORICISM |
| 650 | 0 | 4 | _aMATERIALISM IN LITERATURE |
| 942 |
_2ddc _cBK |
||
| 999 |
_c12984 _d12984 |
||